Fr. Conceicao Rodrigues College of Engineering

Communication Skills (Record no. 21718)

MARC details
000 -LEADER
fixed length control field 00348nam a2200169Ia 4500
082 ## - DEWEY DECIMAL CLASSIFICATION NUMBER
Classification number 371.2
Item number SEN
100 ## - MAIN ENTRY--PERSONAL NAME
Personal name Sen/Leena
245 ## - TITLE STATEMENT
Title Communication Skills
260 ## - PUBLICATION, DISTRIBUTION, ETC.
Name of publisher, distributor, etc. prentice hall
Date of publication, distribution, etc. 2009
366 ## - TRADE AVAILABILITY INFORMATION
Publishers's discount category 25
300 ## - PHYSICAL DESCRIPTION
Extent 277
546 ## - LANGUAGE NOTE
Language note ENGLISH
650 ## - SUBJECT ADDED ENTRY--TOPICAL TERM
Topical term or geographic name entry element Communication Skill
654 ## - SUBJECT ADDED ENTRY--FACETED TOPICAL TERMS
Focus term communication
942 ## - ADDED ENTRY ELEMENTS (KOHA)
Koha item type BOOK
Holdings
Withdrawn status Lost status Damaged status Not for loan Collection Home library Current library Date acquired Source of acquisition Cost, normal purchase price Inventory number Total Checkouts Full call number Barcode Date last seen Cost, replacement price Price effective from Koha item type
        CRC Fr. Agnel's C.Rodrigues College of Engineering Fr. Agnel's C.Rodrigues College of Engineering 17/03/2023 Milan Book Supplier 168.75 1953 dt 17/11/2009   371.2 SEN 20185 17/03/2023 225.00   BOOK
        CRC Fr. Agnel's C.Rodrigues College of Engineering Fr. Agnel's C.Rodrigues College of Engineering 17/03/2023 Milan Book Supplier 168.75 1953 dt 17/11/2009   371.2 SEN 20186 17/03/2023 225.00   BOOK
        CRC Fr. Agnel's C.Rodrigues College of Engineering Fr. Agnel's C.Rodrigues College of Engineering 17/03/2023 Milan Book Supplier 168.75 1953 dt 17/11/2009   371.2 SEN 20187 17/03/2023 225.00   BOOK
        CRC Fr. Agnel's C.Rodrigues College of Engineering Fr. Agnel's C.Rodrigues College of Engineering 17/03/2023 Milan Book Supplier 168.75 1953 dt 17/11/2009   371.2 SEN 20188 17/03/2023 225.00   BOOK
        CRC Fr. Agnel's C.Rodrigues College of Engineering Fr. Agnel's C.Rodrigues College of Engineering 17/03/2023 Milan Book Supplier 168.75 1953 dt 17/11/2009   371.2 SEN 20189 17/03/2023 225.00   BOOK